Tamil Nadu manual of special pay and allowances (Record no. 499871)

000 -LEADER
fixed length control field 00379cam a22001097a 4500
008 - FIXED-LENGTH DATA ELEMENTS--GENERAL INFORMATION
fixed length control field 180718b1977 xxu||||| |||| 00| 0 eng d
082 ## - DEWEY DECIMAL CLASSIFICATION NUMBER
Classification number K235x5452 T152m/1976
245 ## - TITLE STATEMENT
Title Tamil Nadu manual of special pay and allowances
Statement of responsibility, etc. by Finance Department, Tamil Nadu
260 ## - PUBLICATION, DISTRIBUTION, ETC.
Place of publication, distribution, etc.
Name of publisher, distributor, etc. The Director of Stationery and Printing
Date of publication, distribution, etc. 1977
300 ## - PHYSICAL DESCRIPTION
Extent 472+p.
700 ## - ADDED ENTRY--PERSONAL NAME
Personal name Tamil Nadu. Finance Department
Holdings
Withdrawn status Lost status Damaged status Not for loan Permanent Location Current Location Date acquired Full call number Barcode Date last seen Price effective from Koha item type
        Indian Institute of Public Administration Indian Institute of Public Administration 2018-08-04 K235x5452 T152m/1976 GG16875 2018-08-04 2018-08-04 GG

Powered by Koha